| 000 | 00377 a2200145 4500 | ||
|---|---|---|---|
| 005 | 20250604171213.0 | ||
| 020 | _a0-8264-6953-1 | ||
| 082 | _aT E A LECT 657.48 LUC | ||
| 100 | _aLUCEY, T . | ||
| 245 | _aManagement Accounting | ||
| 250 | _a5th Ed. | ||
| 260 |
_aLondon, _bBookPower, _c2003. |
||
| 300 |
_aix, 732p.: ill.; frigure, taqble, _bindex, _c25cm, |
||
| 942 |
_2ddc _cBKS |
||
| 999 |
_c3163 _d3163 |
||